Načítá se...

Selected poems . Ed by James Reeves. /

Podrobná bibliografie
Hlavní autor: Hopkins, Gerard Manley
Jazyk:Undetermined
Vydáno: London : Heinemann , 1953.
Edice:Poetry Bookshelf
LEADER 00500nam a2200145Ia 4500
001 35603
008 170722s9999 xx 000 0 und d
100 |a Hopkins, Gerard Manley 
245 |a Selected poems . Ed by James Reeves. / 
260 |a London :  |b Heinemann ,  |c 1953. 
300 |a PpXXVIII+103, 18.5cm, 
490 |a Poetry Bookshelf 
942 |c GEN 
999 |c 100232  |d 100232 
952 |0 0  |1 0  |4 0  |6 O_1M44X_J31  |7 0  |9 140627  |a LIB  |b LIB  |d 2017-08-12  |l 3  |o O-,1M44x J31  |p 187086  |r 2019-12-16  |s 2019-12-01  |v 0.00  |w 2017-08-12  |y GEN